| 000 | 01414nam a22003614i 4500 | ||
|---|---|---|---|
| 999 |
_c64673 _d64673 |
||
| 001 | 700447 | ||
| 003 | CAP | ||
| 005 | 20181031071237.0 | ||
| 008 | 850223t19891990enk b 000 0 eng | ||
| 010 | _a72097951 | ||
| 020 | _a0851116418 | ||
| 020 | _a0851118437 (pbk.) : | ||
| 040 |
_aDLC _dm.c. _dCAP _dUtOrBLW _bspa _cCO-MdFUSB _erda |
||
| 041 | _aeng | ||
| 082 |
_223 _a224.607 _bH875 |
||
| 100 |
_aHubbard, David Allan _eautor _d1928-1996 |
||
| 245 | 1 | 0 |
_aHosea _b: an introduction and commentary _c/ David Allan Hubbard |
| 264 | 1 |
_aLeicester, Inglaterra : _bInter-Varsity Press, _c℗[1989] |
|
| 264 | 4 | _c©1989 | |
| 300 |
_a234 páginas ; _c19 cm. |
||
| 336 |
_atexto _btxt _2rdacontent. |
||
| 337 |
_asin mediación _bn _2rdamedia. |
||
| 338 |
_avolumen _bnc _2rdacarrier. |
||
| 490 | _aThe Tyndale Old Testament commentaries. | ||
| 504 | _aIncluye bibliografía (página15) | ||
| 505 | _aPrefacio general -- Prefacio del autor -- Abreviaturas principales -- Bibliografía seleccionada -- Introducción -- La profecía de Oseas -- Lugar en el canon -- Época -- Escenario -- Unidad y composición -- Formas literarias -- Mensaje -- Análisis -- Comentario -- Notas adicionales | ||
| 563 | _aTapa rústica | ||
| 630 | 7 |
_aBiblia. _pOseas _xCrítica, interpretación, etc. |
|
| 700 |
_91304 _aWiseman, D. J. _eeditor general |
||
| 942 | _cBK | ||